| 000 | 00506nam a2200157 a 4500 | ||
|---|---|---|---|
| 001 | 000031203 | ||
| 005 | 20200930062754.0 | ||
| 008 | 110614s2003 dr 000 0 eng d | ||
| 040 |
_aDO-SdBNP _beng _cBNPHU |
||
| 082 |
_axxxx _bT727l |
||
| 245 | 0 | 0 |
_aTourism legal guide : _bDominican Republic. |
| 246 | 0 | 4 |
_aTourism in the Dominican Republic : _ba legal guide |
| 260 |
_aSanto Domingo : _bSecretariat of State of Tourism : _bPellerano & Herrera, _c2003. |
||
| 300 |
_a74 p. : _bil. ; _c29 cm. |
||
| 049 | _aBNPD | ||
| 999 |
_c30695 _d30695 |
||